000 00815nam a2200217Ii 4500
003 JO-AjNU
008 230605s9999||||xx |||||||||||||| ||und||
017 _a1979/4355
020 _a977-7322-9-7
040 _aJO-AjNU
_bara
_erda
_cJO-AjNU
041 _aara
050 1 4 _aHM251 .S98 1979
100 3 _aالسيد، عبدالحليم محمود,
_eauthor
_97264
245 0 0 _aعلم النفس الاجتماعي والاعلام: المفاهيم الاساسية، ج1
264 3 1 _aالقاهرة: دار الثقافة للطباعة والنشر،1979
300 _aج1، 268ص
_bيحتوي على ببلوغرافية من 261-268ص
336 _atext
_btxt
_2rdacontent
337 _aunmediated
_bn
_2rdamedia
338 _avolume
_bnc
_2rdacarrier
650 4 _aعلم النفس الاجتماعي
_97265
999 _aA192
_c3760
_d3760